000 00628nam a2200217 i 4500
001 124593
003 ES-MaACL
005 20250813062631.0
007 t|
008 070409s1935 sp ||||1| spa d
080 _a371
100 1 _aFlitner, Wilhelm.
_9162253
245 1 0 _aPedagogía sistemática /
_cWilthelm Flitner ; traducción de José Ferrater Mora.
260 _aBarcelona :
_bLabor,
_c[1935]
300 _a199 p. ;
_c17 cm.
490 1 _aColección Labor ;
_v365
700 1 _aFerrater Mora, José.
_950338
830 0 0 _aColección Labor
_v365
_9184254
852 _aES-MaACL
_jE-2842
999 _c124593
_d124593